000 00504nam a22001457a 4500
005 20180221104548.0
008 180221b xxu||||| |||| 00| 0 eng d
040 _cPK-LaUMT
082 _aZIAC 297.05
_bRIA-A
100 _aRiaz Ahmed
245 _aAao Quran ki taraf : Quran Pak ki azmat , taseer, Haqooq(mis)(آو قرآن کی طرف قرآن پاک کی عظمت ، تاثیر، حقوق)
_cRiaz Ahmed
260 _aراولپنڈی:
_bمدینہ سٹیشنری
_c1998
300 _a؟
942 _cBK
999 _c103567
_d103567